Focus sur: Yusuf Kama - Harry Potter - Statistiques

Statistiques générales
  • Ce quiz a été pris 27 fois
  • Le résultat moyen est 4 sur 8
Statistiques - réponses
Informations recherchées Réponses % Correct
Statut du sang Sang-Pur
100%
Couleur des cheveux Noir
96%
Première apparition Les Animaux fantastiques: Les Crimes de Grindelwald
88%
Demi-soeur Leta Lestrange
62%
Mère Laurena Kama
35%
Père Mustafa Kama
31%
Isaac Domingos
8%
Acteurs l'interprétant dans les films William Nadylam
8%
Aucun quiz correspondant
Distribution des résultats
% des personnes avec chaque résultat
Percentile par nombre de réponses
Votre historique - résultats
Vous n’avez pas pris ce quiz